00630nam a2200169Ia 4500008004100000020001800041041000800059082001700067100005300084245006900137250000600206260006100212300001900273650002300292999001900315952012600334210716s2010 xx 000 0 und d a9788177589764 aeng a658.404 GRAC aGray, Clifford F;Larson, Erik W;Desai, Gautam V. aProject management: the managerial process.bManagerial process. a6 aNew DelhibTata McGraw Hill Publishing Company Ltdc2010 axxxiv,917/2017 aProject Management c210555d210555 001040708MBAaAIMITbAIMITd2018-03-15g795.00l0o658.404 GRACpMBA13123r2026-05-23 00:00:00v596.25w2021-07-16yBK